Регионална библиотека "Любен Каравелов" - Русе

Рептилия (Запис номер 80972)

MARC детайли
000 -Лидер
Контролно поле с фиксирана дължина 01050nam a2200301 c 4500
003 - Код на организацията, давaща контролен номер
Контролно поле BLK
005 - Дата и час на последна редакция
Контролно поле 20180420224551.0
008 - Елементи от данни с фиксирана дължина
fixed length control field 180408b bul|||||r ||||||| ||bul||
010 ## - Наследен системен номер
LC control number KNG00085467000
020 ## - Международен стандартен номер на книга ISBN
Международен стандартен номер на книга ISBN 978-954-9321-12-8
-- издат.: Ибис
040 ## - Източник на каталожния запис
Идентификатор на билиотеката - собственик на записа BLK
041 ## - Код за език
Код за езика на текст/звукозапис или на отделно заглавие Български
Код за езика КДБФ Български
080 ## - УДК
Текстов определител УДК Немска литература
УДК код - определител по УДК 821.112.2
УДК определител -31
УДК - код + определител 821.112.2-31
100 1# - Редна дума - Автор
Автор Тимайер, Томас
Авторска отговорност първи автор
R(LIN) 128827
139 ## - Редно поле
Редна дума Тимайер, Томас
Авторски знак Тим - Т 55
245 10 - Сведения за заглавието
Заглавие Рептилия
Редно поле (дума) Томас Тимайер; прев. от нем. Стефана Моллова.
257 ## - Страна на издаване
Страна на създаване/издаване Германия
260 ## - Област на издателските данни
-- София
Име на издателя, разпространителя и проч. Ибис
Година на издаване 2008
Печатница София : Инвестпрес
300 ## - Физическа характеристика
Страници 299 с.
Размери/Мащаб 20 см
380 ## - Жанр
Жанр Худож. лит.
500 ## - Общи забележки
Забележка Ориг. загл. Reptilia / Thomas Thiemeyer
700 1# - Други автори (авторска отговорност)
Лично име Моллова, Стефана
Автороска отговорност (Описва отношението между автора и произведението) прев. от нем.
9 (RLIN) 299900
852 ## - Местоположение
Форматна сигнатура Цб 241237
856 4# - Електронен адрес и достъп
Електронен формат pdf - файл
Път до файла /url/
856 4# - Електронен адрес и достъп
Електронен формат pdf - файл
Път до файла /url/
942 ## - АРТИКУЛИ
Вид на библиотечния материал Книги
Скрит в OPAC Не
944 ## - СЪЗДАВАНЕ И РЕДАКЦИЯ на ЗАПИСА
Създаване/Редакция Създаване
Дата на регистрацията/редакция 08.09.2008
Служител, извършил регистрацията/редакцията Геновева_Генчева
944 ## - СЪЗДАВАНЕ И РЕДАКЦИЯ на ЗАПИСА
Създаване/Редакция Редакция
Дата на регистрацията/редакция 15.02.2013
Служител, извършил регистрацията/редакцията
999 ## - СИСТЕМНИ КОНТРОЛНИ НОМЕРА
Koha biblionumber 80972
Koha biblioitemnumber 80972
Наличности
Код за отписване Код за изгубен артикул Източник на класификационната схема Код за повреда Коз за рестрикции Код за отдаване Артикулен № Име на библиотеката - собственик Име на библиотеката, в която се намира в момента Статус (Текущо местоположение) Дата на вписване в системата Местоположение - отдел Цена в лева Инвентарен номер Систематично азбучна сигнатура Баркод Номер на екземпляра Цена в евро Служебна бележка Служебен тип на артикула
Изтеглен Не е изгубен Universal Decimal Classification Не е повреден без рестрикции заемане за дома 131204 Регионална библиотека "Любен Каравелов" Русе Регионална библиотека "Любен Каравелов" Русе Заемна - подръчен фонд 2008-09-08 Заемна - подръчен фонд 11.90 120000728851 П 830-31/Т 55 120000728851 1 6.08 Дост: Pk Вид: Ф N: 7479 Дата: 01.09.2008 Книги
  Не е изгубен   Не е повреден без рестрикции ползва се в читалня 131205 Регионална библиотека "Любен Каравелов" Русе Регионална библиотека "Любен Каравелов" Русе Хранилище 2012-08-20 Хранилище 11.90 120000759268 Цб 241237 120000759268 2 6.08 Дост: Dp Вид: Д N: 27 Дата: 04.07.2011 Книги
Vip Innovations Ltd, Rousse, Bulgaria 2025